| 000 | 00987cam a2200241 a 4500 | ||
|---|---|---|---|
| 001 | 000014628 | ||
| 003 | DO-SdBNP | ||
| 005 | 20260204101327.0 | ||
| 008 | 991201s1999 ck ab b f001 0 spa | ||
| 020 | _a9586831108 | ||
| 040 |
_aDO-SdBNP _bspa _cBNPHU |
||
| 082 | 4 |
_a986.1 _bM516a _222 |
|
| 100 | 1 |
_aMejía Pavony, Germán Rodrigo _933143 |
|
| 245 | 1 | 4 |
_aLos años del cambio : _bhistoria urbana de Bogotá, 1820-1910 / _cGermán Rodrigo Mejía Pavony. |
| 260 |
_aSanta Fé de Bogota, (Colombia) : _bPontificia Universidad Javeriana, Facultad de Ciencias Sociales, Departamento de Historia, _bInstituto Colombiano de Cultura Hispánica, _c1999. |
||
| 300 |
_a498 p. : _bil., mapas ; _c24 cm. |
||
| 504 | _aBibliografía: p. 483-498 | ||
| 651 | 4 |
_aBogotá (Colombia) _xHistoria _ySiglo XIX _933144 |
|
| 651 | 4 |
_aBogotá (Colombia) _xHistoria _ySiglo XX _933145 |
|
| 651 | 4 |
_aBogotá (Colombia) _xCondiciones sociales _933146 |
|
| 910 | _aCatalogación por copia / LC | ||
| 942 |
_2ddc _cLBS1 |
||
| 999 |
_c14212 _d14212 |
||